000 00273nam a2200109Ia 4500
008 190216s9999||||xx |||||||||||||| ||und||
100 _aShekhar & Shekhar
245 0 _aBanking Theory And Practice
260 _bVikas Publishing House
_c1999
300 _a870p
942 _cBK
999 _c9102
_d9102